We wish to inform you that tomorrow we will be killed with our families : (Record no. 4391)
[ view plain ]
| 000 -LEADER | |
|---|---|
| fixed length control field | 00786cam a2200205 4500 |
| 001 - CONTROL NUMBER | |
| control field | 5233 |
| 005 - DATE AND TIME OF LATEST TRANSACTION | |
| control field | 20181127175048.0 |
| 008 - FIXED-LENGTH DATA ELEMENTS--GENERAL INFORMATION | |
| fixed length control field | 041025r20041998nyub 000 0 eng |
| 010 ## - LIBRARY OF CONGRESS CONTROL NUMBER | |
| LC control number | 2004559125 |
| 020 ## - INTERNATIONAL STANDARD BOOK NUMBER | |
| International Standard Book Number | 9781447275268 (pbk.) |
| 043 ## - GEOGRAPHIC AREA CODE | |
| Geographic area code | f-rw--- |
| 100 1# - MAIN ENTRY--PERSONAL NAME | |
| Personal name | Gourevitch, Philip, |
| Dates associated with a name | 1961- |
| 245 10 - TITLE STATEMENT | |
| Title | We wish to inform you that tomorrow we will be killed with our families : |
| Remainder of title | stories from Rwanda / |
| Statement of responsibility, etc. | Philip Gourevitch. |
| 260 ## - PUBLICATION, DISTRIBUTION, ETC. | |
| Place of publication, distribution, etc. | New York : |
| Name of publisher, distributor, etc. | Picador/Farrar, Straus, and Giroux : |
| -- | Distributed by Holtzbrinck Publishers, |
| Date of publication, distribution, etc. | [2004], c1998. |
| 300 ## - PHYSICAL DESCRIPTION | |
| Extent | 355 p. : |
| Other physical details | maps ; |
| Dimensions | 21 cm. |
| 500 ## - GENERAL NOTE | |
| General note | Originally published: New York : Farrar, Straus, and Giroux, 1998. |
| 650 #0 - SUBJECT ADDED ENTRY--TOPICAL TERM | |
| Topical term or geographic name entry element | Genocide |
| Geographic subdivision | Rwanda. |
| 651 #0 - SUBJECT ADDED ENTRY--GEOGRAPHIC NAME | |
| Geographic name | Rwanda |
| General subdivision | Ethnic relations. |
| Geographic name | Rwanda |
| General subdivision | Politics and government. |
| Withdrawn status | Lost status | Source of classification or shelving scheme | Damaged status | Not for loan | Collection code | Home library | Current library | Shelving location | Serial Enumeration / chronology | Inventory number | Total Checkouts | Full call number | Barcode | Date last seen | Price effective from | Koha item type |
|---|---|---|---|---|---|---|---|---|---|---|---|---|---|---|---|---|
| Dewey Decimal Classification | Main TEST | RTC Library | RTC Library | Main opac | 8518 | 364.15 GOU | 30008666 | 27/11/2018 | 27/11/2018 | Main |